E-learning in Malaysia : adult perceptions as a method for further studies /
Saved in:
| 主要作者: | |
|---|---|
| 格式: | Thesis 圖書 |
| 語言: | English |
| 出版: |
2004.
|
| 主題: | |
| 標簽: |
添加標簽
沒有標簽, 成為第一個標記此記錄!
|
| LEADER | 01157cam a2200253 a 4500 | ||
|---|---|---|---|
| 001 | u711328 | ||
| 003 | SIRSI | ||
| 008 | 050829s2004 my t 000 0 eng m | ||
| 040 | |a UMM |d AUM |e rda | ||
| 043 | |a a-my--- | ||
| 090 | |a TA58.5 |b UM 2004 Ng | ||
| 100 | 1 | 0 | |a Ng, Poh Yen |
| 245 | 1 | 0 | |a E-learning in Malaysia : |b adult perceptions as a method for further studies / |c Ng Poh Yen. |
| 260 | |c 2004. | ||
| 300 | |a xii, 149 leaves : |b ill. ; |c 30 cm. | ||
| 502 | |a Dissertation (M.Inf.Tech.) -- Fakulti Sains Komputer dan Teknologi Maklumat, Universiti Malaya, 2005. | ||
| 504 | |a Bibliography: leaves 143-149. | ||
| 650 | 0 | |a Internet in higher education |z Malaysia | |
| 650 | 0 | |a Educational technology |z Malaysia | |
| 710 | 2 | 0 | |a Universiti Malaya. |b Fakulti Sains Komputer dan Teknologi Maklumat. |
| 596 | |a 1 16 25 | ||
| 999 | |a TA58.5 UM 2004 NG |w LC |c 1 |i A511790315 |d 6/2/2017 |e 6/2/2017 |f 27/9/2005 |g 1 |l STACKS |m P01UTAMA |n 14 |r Y |s Y |t TESIS |u 21/9/2005 |1 STEM | ||
| 999 | |a TA58.5 UM 2004 NG |w LC |c 1 |i A512634401 |l STACKS |m P16SKTM |r N |s Y |t TESIS |u 25/9/2007 | ||
| 999 | |a TA58.5 UM 2004 NG |w LC |c 1 |i A511840083 |f 26/11/2019 |g 1 |l STACKS |m P25UMARCHI |r N |s Y |t CD |u 25/11/2019 |1 STEM |o .STAFF. MST-CD6036 | ||
